|
|
|
|
| LEADER |
00964nam a2200205 i 4500 |
| 003 |
GR-PaULI |
| 005 |
20220222112649.0 |
| 008 |
220222t2019 ne a|||f |||| 000 0 eng d |
| 952 |
|
|
|0 0
|1 0
|2 ddc
|4 0
|6 711_409000000000000_43_SHA
|7 0
|9 356716
|a ARCH
|b ARCH
|c BSC
|d 2022-02-22
|i 013924
|l 0
|o 711.409 43 SHA
|p 025000215644
|r 2022-02-22 00:00:00
|t 1
|w 2022-02-22
|y BK15
|
| 999 |
|
|
|c 208810
|d 208810
|
| 020 |
|
|
|a 9789462085213
|
| 040 |
|
|
|a GR-PaULI
|b gre
|c GR-PaULI
|e AACR2
|
| 082 |
0 |
4 |
|2 23
|a 711.409 43
|
| 245 |
0 |
0 |
|a Shared cities atlas. Post-socialist cities and active citizenship in Central Europe :
|b Belgrade, Berlin, Bratislava, Budapest, Katowise, Prague, Warsaw /
|c Helena Doudova (ed.)
|
| 260 |
|
|
|a Rotterdam :
|b nai010 publishers,
|c c2019.
|
| 300 |
|
|
|a 304 σ. :
|b φωτ., εικ. ;
|c 24 εκ.
|
| 650 |
|
0 |
|9 190403
|a Πολεοδομία
|z Ευρώπη, Κεντρική
|
| 700 |
1 |
|
|9 190404
|a Doudova, Helena
|e επιμελήτρια.
|
| 942 |
|
|
|2 ddc
|c BK15
|
| 998 |
|
|
|c ΒΑΣΙΛΕΙΟΥ
|d 2022-02
|